|
|
|
|
| LEADER |
00000nab a2200000 a 4500 |
| 001 |
vtls000415845 |
| 003 |
SK-MaSNL |
| 005 |
20260302234734.0 |
| 008 |
120925c1989 xo 0 slo |
| 015 |
|
|
|a SNBRA19rr/mm-uuuuu
|
| 035 |
|
|
|a CL0415970
|
| 040 |
|
|
|a SNKBUCL
|b slo
|c SNKBUCL
|e AACR2
|
| 041 |
0 |
|
|a slo
|
| 044 |
|
|
|a xo
|c SK
|
| 080 |
|
|
|a 621.83.032
|2 1981
|
| 100 |
1 |
|
|a Zelem, Andrej
|4 aut
|9 957210
|
| 245 |
1 |
0 |
|a Hydromechanická predlohová prevodovka 2HDM 40
|c Andrej Zelem
|
| 300 |
|
|
|b Obr. 1. Sch. 1.
|
| 650 |
0 |
7 |
|a prevodovky predlohové hydromechanické
|2 snkbucl
|9 970435
|
| 655 |
|
7 |
|a články zo zborníkov
|2 snkbucl
|9 166140
|
| 773 |
0 |
|
|t Prevody v stavbe dopravných strojov a transportných zariadení
|d Žilina : Dom techniky ČSVTS, 1989
|g S. 178-183
|
| 850 |
|
|
|a Slovenská národná knižnica v Martine
|a MTA001
|
| 852 |
|
|
|a SNK
|b KIS3GCP
|
| 958 |
|
|
|a RK
|
| 992 |
|
|
|a RZB
|
| 999 |
|
|
|c 1551813
|d 1553743
|